[Event "Pic d'Anie op 1st"]
[Site "Arette"]
[Date "2004.08.??"]
[Round "4"]
[White "Sanchez, Nicolas"]
[Black "Jallerat, Denis"]
[Result "1-0"]
[WhiteElo "2146"]
[BlackElo "1930"]
[PlyCount "103"]
[EventDate "2004.08.??"]
[EventType "swiss"]
[EventRounds "7"]
[EventCountry "FRA"]
[SourceTitle "EXT 2007"]
[Source "ChessBase"]
[SourceDate "2006.11.23"]
[SourceVersion "1"]
[SourceVersionDate "2006.11.23"]
[SourceQuality "1"]

1. d4 Nf6 2. Nf3 e6 3. c4 b6 4. g3 Bb7 5. Bg2 Be7 6. Nc3 0-0 7. 0-0 d6 8. Qc2 Nbd7 9. e4 e5 10. d5 Bc8 11. Ne1 Nc5 12. b4 Nb7 13. Bb2 a5 14. a3 axb4 15. axb4 Rxa1 16. Bxa1 Bd7 17. Nd3 Qc8 18. Nd1 Ng4 19. f3 Nh6 20. f4 f6 21. Bb2 Nf7 22. Ne3 g6 23. Ra1 exf4 24. gxf4 g5 25. Rf1 gxf4 26. Nxf4 Ne5 27. Nh5 Qe8 28. Ng3 Qg6 29. Kh1 Rf7 30. Nef5 Bf8 31. Qe2 h5 32. Bxe5 fxe5 33. Bf3 Qh7 34. Bxh5 Rf6 35. Bg4 Nd8 36. Ne3 Rxf1+ 37. Qxf1 Bh6 38. Bf5 Bxf5 39. Nexf5 Bf4 40. Qg2 Kf8 41. Nh5 Nf7 42. Qg7+ Qxg7 43. Nhxg7 Ng5 44. Ne6+ Nxe6 45. dxe6 Bg5 46. h4 Bxh4 47. Nxh4 Ke7 48. Nf5+ Kxe6 49. Ne3 c6 50. Kg2 b5 51. cxb5 cxb5 52. Kf3 1-0